[Event "Moscow Blitz Final 2014"]
[Site "Moscow RUS"]
[Date "2014.09.06"]
[Round "5.2"]
[White "Najer, Evgeniy"]
[Black "Seliverstov, Vladimir"]
[Result "1-0"]
[WhiteTitle "GM"]
[BlackTitle "FM"]
[WhiteElo "2646"]
[BlackElo "2432"]
[WhiteFideId "4118987"]
[BlackFideId "4192036"]
[EventDate "2014.09.06"]

1. e4 d5 2. exd5 Qxd5 3. Nc3 Qa5 4. d4 Nf6 5. Bd2 c6 6. Ne4 Qc7 7. Nxf6+ gxf6 8.
Bd3 Rg8 9. g3 Bg4 10. f3 Be6 11. Ne2 h5 12. Nf4 h4 13. g4 Nd7 14. Qe2 Qd6 15.
Nxe6 fxe6 16. O-O-O Rh8 17. Bg6+ Kd8 18. Bf7 Bh6 19. Bxe6 Bxd2+ 20. Rxd2 Kc7 21.
Re1 Rad8 22. c3 Qf4 23. Kc2 Nb6 24. Qd3 Rd6 25. Re4 Qh6 26. c4 c5 27. Qa3 Rxe6
28. Rxe6 Qxd2+ 29. Kxd2 Nxc4+ 30. Kd3 Nxa3 31. bxa3 Kd7 32. Re4 Rc8 33. Rf4 cxd4
34. Rxd4+ Ke6 35. Re4+ Kf7 36. Rb4 Rc7 37. Ra4 b6 38. Rb4 e5 39. Rc4 Rd7+ 40.
Ke3 Ke6 41. Rc6+ Rd6 42. Rxd6+ Kxd6 43. Ke4 Ke6 44. a4 a6 45. h3 b5 46. axb5
axb5 47. a3 Kd6 48. Kf5 Ke7 49. g5 fxg5 50. Kxg5 Ke6 51. Kxh4 Kf5 52. Kg3 e4 53.
f4 e3 54. Kf3 e2 55. Kxe2 Kxf4 56. Kd3 Kg3 57. Kc3 Kxh3 58. Kb4 1-0

[Event "Moscow Blitz Final 2014"]
[Site "Moscow RUS"]
[Date "2014.09.06"]
[Round "5.3"]
[White "Karjakin, Sergey"]
[Black "Fedoseev, Vladimir3"]
[Result "1-0"]
[WhiteTitle "GM"]
[BlackTitle "GM"]
[WhiteElo "2777"]
[BlackElo "2677"]
[WhiteFideId "14109603"]
[BlackFideId "24130737"]
[EventDate "2014.09.06"]

1. c4 e5 2. Nc3 Nf6 3. g3 d5 4. cxd5 Nxd5 5. Bg2 Nb6 6. e3 c5 7. Nge2 Nc6 8. O-O
Be7 9. a4 Na5 10. f4 O-O 11. fxe5 c4 12. Nd4 Bc5 13. Ncb5 Qe7 14. d3 Qxe5 15.
Bd2 cxd3 16. Bxa5 a6 17. Qxd3 axb5 18. axb5 Nd5 19. Bd2 Rxa1 20. Rxa1 Bd7 21.
Kh1 g6 22. Nb3 Bxe3 23. Qxd5 Qxd5 24. Bxd5 Bxd2 25. Nxd2 Bxb5 26. Bxb7 Rd8 27.
Ra8 1-0

[Event "Moscow Blitz Final 2014"]
[Site "Moscow RUS"]
[Date "2014.09.06"]
[Round "5.4"]
[White "Dvalishvili, Pavel S."]
[Black "Belous, Vladimir"]
[Result "0-1"]
[WhiteTitle "IM"]
[BlackTitle "GM"]
[WhiteElo "2439"]
[BlackElo "2584"]
[WhiteFideId "4121996"]
[BlackFideId "4174003"]
[EventDate "2014.09.06"]

1. d4 Nf6 2. Nf3 g6 3. c4 Bg7 4. Nc3 O-O 5. Bg5 c5 6. e3 cxd4 7. Nxd4 Qa5 8.
Bxf6 Bxf6 9. Be2 Bg7 10. O-O Nc6 11. Qd2 d6 12. Rfd1 Bd7 13. a3 Rfc8 14. b4 Qd8
15. Rac1 Qf8 16. Nd5 e6 17. Nxc6 Bxc6 18. Nf4 Rd8 19. Bf1 Rac8 20. Ne2 Ba4 21.
Re1 d5 22. c5 b6 23. Nc3 Be8 24. Ba6 Rc7 25. cxb6 axb6 26. Nb5 Rxc1 27. Rxc1 Be5
28. f4 Bf6 29. Nd4 Ra8 30. Bb7 Ra7 31. Bc6 Rxa3 32. h3 Kg7 33. Bxe8 Qxe8 34. Rc7
Ra1+ 35. Kh2 e5 36. Nf3 exf4 37. exf4 Qd8 38. Rb7 Qd6 39. Qe3 d4 40. Qb3 Kh6 41.
Rxf7 Qxf4+ 42. g3 Qc1 43. g4 Be5+ 0-1

[Event "Moscow Blitz Final 2014"]
[Site "Moscow RUS"]
[Date "2014.09.06"]
[Round "5.5"]
[White "Kretov, Evgenij"]
[Black "Mozharov, Mikhail"]
[Result "0-1"]
[WhiteTitle "FM"]
[BlackTitle "GM"]
[WhiteElo "2263"]
[BlackElo "2555"]
[WhiteFideId "4167821"]
[BlackFideId "4189825"]
[EventDate "2014.09.06"]

1. d4 Nf6 2. c4 b6 3. Nc3 Bb7 4. Bg5 h6 5. Bh4 g5 6. Bg3 Bg7 7. Qc2 Nc6 8. Rd1
Nh5 9. e3 e6 10. Nf3 Nxg3 11. hxg3 Ne7 12. Bd3 d5 13. cxd5 Nxd5 14. Bb5+ c6 15.
Nxd5 Qxd5 16. Bc4 Qa5+ 17. Qc3 Qxc3+ 18. bxc3 Ke7 19. Ke2 c5 20. g4 Rac8 21. Bd3
Rc7 22. Rc1 Rhc8 23. Kd2 Kf6 24. e4 Bf8 25. Rb1 Kg7 26. Ke3 cxd4+ 27. cxd4 Rc3
28. Kd2 Bd6 29. g3 Ra3 30. Rb2 Rcc3 31. Ne1 Rxd3+ 32. Nxd3 Bxe4 33. Re1 Rxd3+
34. Ke2 Rxd4 0-1

[Event "Moscow Blitz Final 2014"]
[Site "Moscow RUS"]
[Date "2014.09.06"]
[Round "5.6"]
[White "Malakhov, Vladimir"]
[Black "Motylev, Alexander"]
[Result "1-0"]
[WhiteTitle "GM"]
[BlackTitle "GM"]
[WhiteElo "2696"]
[BlackElo "2686"]
[WhiteFideId "4120787"]
[BlackFideId "4121830"]
[EventDate "2014.09.06"]

1. Nf3 d5 2. g3 Bg4 3. Bg2 c6 4. c4 e6 5. cxd5 Bxf3 6. Bxf3 cxd5 7. O-O Nc6 8.
d4 Nf6 9. Nc3 Be7 10. e3 O-O 11. Bd2 Qd7 12. Qe2 Rac8 13. Rac1 Rfe8 14. Rfd1 Bf8
15. Be1 g6 16. Bg2 h5 17. h3 Ne7 18. Qb5 Qxb5 19. Nxb5 Nc6 20. Nc3 a6 21. e4
dxe4 22. Nxe4 Nxe4 23. Bxe4 Bg7 24. d5 exd5 25. Bxd5 Re7 26. b4 Rec7 27. Kf1 b5
28. Bxc6 Rxc6 29. Rd8+ Rxd8 30. Rxc6 Ra8 31. Bd2 Bf8 32. a3 Rd8 33. Ke2 Rd6 34.
Rc8 Kg7 35. Bc3+ f6 36. Rc7+ Kg8 37. Bd2 Re6+ 38. Kd3 Rd6+ 39. Kc2 Re6 40. Be3
Be7 41. Kd3 Kf8 42. Ra7 Ke8 43. h4 f5 44. Kd4 Rd6+ 45. Ke5 Rc6 46. Bf4 Kd8 47.
Kd5 Rc2 48. Be3 f4 49. Bxf4 Rxf2 50. Rxa6 Bxh4 51. Rxg6 Be7 52. Be5 h4 53. Ke6
h3 54. Rh6 h2 55. Rh8+ Bf8 56. Bf6+ Kc7 57. Be5+ Kb7 58. g4 Re2 59. Rxh2 Re3 60.
Rh7+ Kc6 61. Rc7+ Kb6 62. Rf7 Bh6 63. Kd5 Bg5 64. Bd4+ 1-0

[Event "Moscow Blitz Final 2014"]
[Site "Moscow RUS"]
[Date "2014.09.06"]
[Round "5.7"]
[White "Dubov, Daniil"]
[Black "Popov, Ivan RUS"]
[Result "0-1"]
[WhiteTitle "GM"]
[BlackTitle "GM"]
[WhiteElo "2614"]
[BlackElo "2627"]
[WhiteFideId "24126055"]
[BlackFideId "4170350"]
[EventDate "2014.09.06"]

1. Nf3 c5 2. e4 e6 3. d4 cxd4 4. Nxd4 Nc6 5. Nc3 Nf6 6. Ndb5 Bb4 7. a3 Bxc3+ 8.
Nxc3 d5 9. Bd3 d4 10. Ne2 e5 11. O-O O-O 12. Ng3 Bg4 13. Qe1 Re8 14. f4 exf4 15.
Bxf4 h6 16. h3 Be6 17. Qd2 Nd7 18. Bxh6 Qh4 19. Bf4 Nde5 20. Bb5 Ng6 21. Ne2
Nxf4 22. Qxf4 Qxf4 23. Rxf4 Red8 24. Rd1 Ne5 25. Rxd4 a6 26. Bd3 Rxd4 27. Nxd4
Rd8 28. Nxe6 fxe6 29. Rf2 g5 30. Rf1 Kg7 31. Rd1 Nc4 32. Rb1 Ne5 33. Rd1 Nc4 34.
b3 Nxa3 35. Kf2 Nb5 36. Ke3 e5 37. Rf1 Nd4 38. b4 Rc8 39. Kd2 Kg6 40. c3 Nb3+
41. Kc2 Nd4+ 42. Kb2 Ne6 43. Rf5 Nf4 44. Bf1 Rd8 45. Kc2 Re8 46. g3 Nh5 47. Bc4
Re7 48. Rf3 Nf6 49. Bd3 Rh7 50. Bf1 Rc7 51. Re3 Nh5 52. Rd3 Nf6 53. Rd6 Kg7 54.
Bd3 Nh5 55. Re6 Nxg3 56. Rxe5 Kf6 57. Rd5 Re7 58. Rd6+ Ke5 59. Rg6 Kf4 60. Rf6+
Ke5 61. Rf2 Rh7 62. Rf8 Rxh3 63. Re8+ Kf4 64. Rf8+ Ke5 65. Re8+ Kf4 66. Re7 Ke3
67. Bc4 g4 68. e5 Ne4 69. e6 Rh2+ 70. Kc1 g3 71. Rg7 g2 72. e7 Nd6 73. Bf7 Rh1+
74. Kc2 g1=Q 75. Rxg1 Rxg1 76. e8=Q+ Nxe8 77. Bxe8 Rg2+ 78. Kb3 Kd2 79. c4 Rg3+
80. Ka4 Kc3 81. c5 Rg4 82. Ka5 Rxb4 83. c6 Rb5+ 84. Ka4 b6 0-1

[Event "Moscow Blitz Final 2014"]
[Site "Moscow RUS"]
[Date "2014.09.06"]
[Round "5.8"]
[White "Grachev, Boris"]
[Black "Riazantsev, Alexander"]
[Result "1-0"]
[WhiteTitle "GM"]
[BlackTitle "GM"]
[WhiteElo "2673"]
[BlackElo "2678"]
[WhiteFideId "4129199"]
[BlackFideId "4125029"]
[EventDate "2014.09.06"]

1. d4 Nf6 2. Nf3 e6 3. e3 b6 4. Bd3 Bb7 5. O-O c5 6. c3 g6 7. Qe2 d5 8. b3 Bg7
9. Bb2 O-O 10. Nbd2 Nbd7 11. Rfd1 Qe7 12. Rac1 Rfd8 13. h3 Rac8 14. Ba6 Bxa6 15.
Qxa6 Rc7 16. Qe2 Rdc8 17. c4 dxc4 18. Nxc4 Nd5 19. dxc5 Bxb2 20. Qxb2 Rxc5 21.
e4 N5f6 22. e5 Nd5 23. Nd6 Rxc1 24. Rxc1 Rxc1+ 25. Qxc1 Nxe5 26. Qc8+ Kg7 27.
Ne8+ Kf8 28. Nf6+ Kg7 29. Qg8+ Kxf6 30. Qh8+ 1-0

[Event "Moscow Blitz Final 2014"]
[Site "Moscow RUS"]
[Date "2014.09.06"]
[Round "5.9"]
[White "Morozevich, Alexander"]
[Black "Grischuk, Alexander"]
[Result "1/2-1/2"]
[WhiteTitle "GM"]
[BlackTitle "GM"]
[WhiteElo "2731"]
[BlackElo "2789"]
[WhiteFideId "4116992"]
[BlackFideId "4126025"]
[EventDate "2014.09.06"]

1. e4 c5 2. Nf3 d6 3. d4 cxd4 4. Nxd4 Nf6 5. Nc3 a6 6. Bg5 Nbd7 7. Qe2 g6 8.
O-O-O Bg7 9. f4 O-O 10. Kb1 Qc7 11. g4 b5 12. Bg2 Bb7 13. Rhe1 e5 14. fxe5 dxe5
15. Nb3 b4 16. Nd5 Nxd5 17. exd5 a5 18. d6 Qc8 19. Be7 Re8 20. Nd2 a4 21. Bxb7
Qxb7 22. Qe4 Qb5 23. g5 Rec8 24. Rf1 b3 25. cxb3 axb3 26. Nxb3 Nb6 27. d7 Nxd7
28. Qd5 Qxd5 29. Rxd5 Nb6 30. Rc5 Re8 31. Bf6 Nd7 32. Rc4 Nxf6 33. gxf6 Bf8 34.
Nd2 Rad8 35. Ne4 Rd4 36. Rfc1 Bh6 37. R1c3 Bf4 38. h3 g5 39. a4 h5 40. a5 g4 41.
hxg4 hxg4 42. a6 Rxc4 43. Rxc4 Ra8 44. Ra4 g3 45. Nxg3 Bxg3 46. Rg4+ Kf8 47.
Rxg3 Rxa6 48. Re3 Re6 49. Kc2 Ke8 50. Kd3 Kd7 51. Ke4 Rxf6 52. Kxe5 Re6+ 1/2-1/2

[Event "Moscow Blitz Final 2014"]
[Site "Moscow RUS"]
[Date "2014.09.06"]
[Round "5.10"]
[White "Paravyan, David"]
[Black "Reshetnikov, Alexey"]
[Result "1-0"]
[WhiteTitle "IM"]
[BlackTitle "IM"]
[WhiteElo "2428"]
[BlackElo "2498"]
[WhiteFideId "4194985"]
[BlackFideId "4162080"]
[EventDate "2014.09.06"]

1. e4 c5 2. Nf3 e6 3. d4 cxd4 4. Nxd4 Nc6 5. c3 d6 6. c4 Nf6 7. Nc3 a6 8. Be2
Be7 9. O-O O-O 10. Be3 Qc7 11. Rc1 Ne5 12. f4 Ned7 13. Bf3 Re8 14. Qd2 Bf8 15.
Kh1 Rb8 16. g4 e5 17. Nf5 exf4 18. Bxf4 Ne5 19. Bxe5 Rxe5 20. g5 Nd7 21. Nd5 Qd8
22. Qf4 Nc5 23. Rcd1 Ne6 24. Qe3 Nxg5 25. Rg1 Bxf5 26. Rxg5 Bxe4 27. Rxe5 Bxf3+
28. Qxf3 dxe5 29. Qf5 Qd6 30. Rg1 Qc6 31. Qxe5 Re8 32. Qxe8 1-0

[Event "Moscow Blitz Final 2014"]
[Site "Moscow RUS"]
[Date "2014.09.06"]
[Round "6.1"]
[White "Moskalenko, Alexander"]
[Black "Reshetnikov, Alexey"]
[Result "1-0"]
[WhiteTitle "IM"]
[BlackTitle "IM"]
[WhiteElo "2460"]
[BlackElo "2498"]
[WhiteFideId "4155351"]
[BlackFideId "4162080"]
[EventDate "2014.09.06"]

1. d4 Nf6 2. Bg5 e6 3. e4 h6 4. Bxf6 Qxf6 5. c3 c5 6. Na3 Qd8 7. d5 e5 8. Be2 d6
9. Bg4 Nd7 10. Ne2 Be7 11. Nc4 O-O 12. O-O b5 13. Ne3 g6 14. a4 bxa4 15. Nc4 f5
16. exf5 gxf5 17. Bh3 Nb6 18. Na5 Bf6 19. f4 e4 20. Ng3 Bg7 21. Qh5 Qd7 22. Nxe4
Nxd5 23. Rad1 Ne3 24. Rxd6 Qe7 25. Rxh6 fxe4 26. Nc6 Qf7 27. Bxc8 Raxc8 28. Re1
Qxh5 29. Ne7+ Kf7 30. Rxh5 Kxe7 31. Rxe3 Kf7 32. Rxe4 Rfe8 33. Rxa4 Rc7 34. Kf2
Rd8 35. Ke3 Rb8 36. b4 c4 37. Rc5 Re7+ 38. Kf3 Bxc3 39. Rxc4 Bd2 40. g3 Reb7 41.
b5 Re7 42. Rc2 Be1 43. Rca2 Rbb7 44. h4 Bc3 45. h5 Bd4 46. Rxd4 Rxb5 47. Rda4
Rb3+ 48. Kg4 Rbb7 49. Ra6 Kg7 50. R2a5 Kh7 51. Rg6 Rf7 52. Kh4 Rbc7 53. Ra4 Rc1
54. Rga6 Rcc7 55. g4 1-0

[Event "Moscow Blitz Final 2014"]
[Site "Moscow RUS"]
[Date "2014.09.06"]
[Round "6.2"]
[White "Grischuk, Alexander"]
[Black "Paravyan, David"]
[Result "1-0"]
[WhiteTitle "GM"]
[BlackTitle "IM"]
[WhiteElo "2789"]
[BlackElo "2428"]
[WhiteFideId "4126025"]
[BlackFideId "4194985"]
[EventDate "2014.09.06"]

1. d4 Nf6 2. c4 c5 3. d5 b5 4. Qc2 d6 5. e4 bxc4 6. Bxc4 g6 7. Nf3 Bg7 8. O-O
O-O 9. Nc3 Nfd7 10. Rb1 Nb6 11. Be2 a5 12. Rd1 a4 13. a3 Ba6 14. Bf4 Bxe2 15.
Qxe2 N8d7 16. h4 Qc8 17. e5 dxe5 18. Nxe5 Nxe5 19. Bxe5 Bxe5 20. Qxe5 Re8 21. h5
Nc4 22. Qf4 Nd6 23. Ne4 Nxe4 24. Qxe4 Qf5 25. Qxf5 gxf5 26. Rbc1 Rec8 27. d6
exd6 28. Rxd6 Rab8 29. Rc2 Rb3 30. Ra6 Rcb8 31. Rxc5 Rxb2 32. Rxf5 Ra2 33. Rxa4
Rb1+ 34. Kh2 Rb3 1-0

[Event "Moscow Blitz Final 2014"]
[Site "Moscow RUS"]
[Date "2014.09.06"]
[Round "6.3"]
[White "Riazantsev, Alexander"]
[Black "Morozevich, Alexander"]
[Result "0-1"]
[WhiteTitle "GM"]
[BlackTitle "GM"]
[WhiteElo "2678"]
[BlackElo "2731"]
[WhiteFideId "4125029"]
[BlackFideId "4116992"]
[EventDate "2014.09.06"]

1. d4 g6 2. c4 Bg7 3. e4 d6 4. Nc3 c5 5. d5 Nf6 6. f3 O-O 7. Bg5 e6 8. Qd2 exd5
9. Nxd5 Be6 10. Ne2 Bxd5 11. cxd5 b5 12. Nc3 a6 13. Rc1 Nbd7 14. b3 Qb6 15. Be2
Rfc8 16. O-O Ne8 17. Kh1 Qa5 18. Rc2 Nb6 19. Be3 Nc7 20. a4 bxa4 21. Nxa4 Qxd2
22. Bxd2 Nd7 23. b4 Nb5 24. bxc5 Nd4 25. c6 Nxc2 26. cxd7 Rd8 27. Rc1 Nd4 28.
Bd3 Rab8 29. Rc7 Nb5 30. Rc6 Rxd7 31. h4 Nd4 32. Rxa6 Bf6 33. Nb6 Rdb7 34. Nc4
Rb3 35. Rxd6 Bxh4 36. Ne5 Bg3 0-1

[Event "Moscow Blitz Final 2014"]
[Site "Moscow RUS"]
[Date "2014.09.06"]
[Round "6.5"]
[White "Motylev, Alexander"]
[Black "Dubov, Daniil"]
[Result "1/2-1/2"]
[WhiteTitle "GM"]
[BlackTitle "GM"]
[WhiteElo "2686"]
[BlackElo "2614"]
[WhiteFideId "4121830"]
[BlackFideId "24126055"]
[EventDate "2014.09.06"]

1. e4 e5 2. Nf3 Nc6 3. Nc3 Nf6 4. a3 Be7 5. d4 exd4 6. Nxd4 d6 7. Bb5 Bd7 8.
Nxc6 bxc6 9. Bd3 O-O 10. O-O c5 11. h3 Bc6 12. Bf4 Nd7 13. Re1 Bf6 14. Rb1 Rb8
15. Qd2 Re8 16. b4 Ne5 17. Bf1 Ng6 18. Bg3 Bg5 19. Qd3 Qf6 20. Nd5 Bxd5 21. Qxd5
cxb4 22. axb4 Bf4 23. Qf5 Bxg3 24. Qxf6 gxf6 25. fxg3 Re5 26. b5 Rc5 27. c4 Ne5
28. Rec1 c6 29. Ra1 Rb7 30. Rd1 Nxc4 31. bxc6 Rxc6 32. Rac1 Rbc7 33. Bxc4 Rxc4
34. Rxc4 Rxc4 35. Rxd6 a5 36. Rxf6 Rxe4 37. Ra6 a4 38. g4 Kg7 39. g5 Kf8 1/2-1/2

[Event "Moscow Blitz Final 2014"]
[Site "Moscow RUS"]
[Date "2014.09.06"]
[Round "6.6"]
[White "Mozharov, Mikhail"]
[Black "Malakhov, Vladimir"]
[Result "1/2-1/2"]
[WhiteTitle "GM"]
[BlackTitle "GM"]
[WhiteElo "2555"]
[BlackElo "2696"]
[WhiteFideId "4189825"]
[BlackFideId "4120787"]
[EventDate "2014.09.06"]

1. e4 e5 2. Nf3 Nc6 3. d4 exd4 4. Bc4 Nf6 5. e5 d5 6. Bb5 Ne4 7. Nxd4 Bd7 8.
Bxc6 bxc6 9. O-O Bc5 10. Qd3 O-O 11. Nc3 Nxc3 12. Qxc3 Bxd4 13. Qxd4 Qe7 14. b3
Bf5 15. Qc3 Qe6 16. Re1 Rfd8 17. Be3 Qg6 18. Bd4 a5 19. Re3 Qe6 20. a4 Rdb8 21.
Bc5 Bg6 22. Rae1 Re8 23. Rg3 Qf5 24. Re2 Bh5 25. Ree3 Bg6 26. Re2 Bh5 27. Ree3
Bg6 1/2-1/2

[Event "Moscow Blitz Final 2014"]
[Site "Moscow RUS"]
[Date "2014.09.06"]
[Round "6.7"]
[White "Belous, Vladimir"]
[Black "Kretov, Evgenij"]
[Result "1-0"]
[WhiteTitle "GM"]
[BlackTitle "FM"]
[WhiteElo "2584"]
[BlackElo "2263"]
[WhiteFideId "4174003"]
[BlackFideId "4167821"]
[EventDate "2014.09.06"]

1. c4 Nf6 2. Nc3 c5 3. Nf3 Nc6 4. g3 d5 5. cxd5 Nxd5 6. Bg2 Nc7 7. a3 e5 8. b4
f6 9. Rb1 Rb8 10. O-O Be6 11. bxc5 Bxc5 12. Qa4 Qd7 13. Ng5 Nd8 14. Nxe6 Ncxe6
15. Qxd7+ Kxd7 16. e3 Nc6 17. f4 exf4 18. gxf4 Bb6 19. Na4 Ba5 20. d4 Ned8 21.
Nc5+ Kc7 22. d5 Ne7 23. Rd1 Nf7 24. Ne6+ Kd6 25. a4 Nf5 26. Bh3 g6 27. e4 Nh4
28. Ba3+ Kd7 29. Nc5+ Ke8 30. d6 Bb6 31. d7+ Kf8 32. a5 Bxc5+ 33. Bxc5+ Kg7 34.
Bxa7 Ra8 35. Bb6 Nd8 36. Rbc1 Nc6 37. Rxc6 bxc6 38. d8=Q 1-0

[Event "Moscow Blitz Final 2014"]
[Site "Moscow RUS"]
[Date "2014.09.06"]
[Round "6.8"]
[White "Fedoseev, Vladimir3"]
[Black "Dvalishvili, Pavel S."]
[Result "1-0"]
[WhiteTitle "GM"]
[BlackTitle "IM"]
[WhiteElo "2677"]
[BlackElo "2439"]
[WhiteFideId "24130737"]
[BlackFideId "4121996"]
[EventDate "2014.09.06"]

1. d4 Nf6 2. Bg5 Ne4 3. Bf4 d5 4. e3 Nd7 5. Nd2 Nxd2 6. Qxd2 e6 7. h4 c5 8. c3
Qb6 9. a4 Bd6 10. a5 Qc7 11. Nh3 O-O 12. Bd3 Nf6 13. Bg5 Ne4 14. Qc2 f5 15. Bf4
e5 16. dxe5 Bxe5 17. c4 Be6 18. Bxe4 dxe4 19. Bxe5 Qxe5 20. Nf4 Rad8 21. O-O Rd7
22. Rad1 Rfd8 23. b3 Rd6 24. Qc1 Bf7 25. Rxd6 Qxd6 26. Qa3 Qe7 27. g3 Rd2 28. a6
b6 29. Qc1 Qd6 30. Nd5 Ra2 31. Rd1 Bxd5 32. Rxd5 Qf6 33. Kg2 h6 34. Qd1 Qb2 35.
Rxf5 Rxa6 36. Qd5+ Kh8 37. Rf8+ 1-0

[Event "Moscow Blitz Final 2014"]
[Site "Moscow RUS"]
[Date "2014.09.06"]
[Round "6.9"]
[White "Seliverstov, Vladimir"]
[Black "Karjakin, Sergey"]
[Result "1-0"]
[WhiteTitle "FM"]
[BlackTitle "GM"]
[WhiteElo "2432"]
[BlackElo "2777"]
[WhiteFideId "4192036"]
[BlackFideId "14109603"]
[EventDate "2014.09.06"]

1. d4 Nf6 2. Bg5 e6 3. e3 c5 4. Nf3 Be7 5. Nbd2 b6 6. c3 Bb7 7. Bd3 h6 8. Bh4 d6
9. O-O Nbd7 10. Qe2 O-O 11. a4 a6 12. h3 Re8 13. Bg3 Qc7 14. Rfd1 Bf8 15. Nc4 b5
16. Ncd2 e5 17. dxe5 dxe5 18. axb5 axb5 19. Bxb5 Rxa1 20. Rxa1 Qb6 21. e4 Rd8
22. Bc4 Nh5 23. Bxe5 Re8 24. Bh2 Ndf6 25. Ne5 Re7 26. Bxf7+ Rxf7 27. Qc4 Bd5 28.
exd5 Qxb2 29. Qa2 Qxa2 30. Rxa2 Rb7 31. g4 1-0

[Event "Moscow Blitz Final 2014"]
[Site "Moscow RUS"]
[Date "2014.09.06"]
[Round "6.10"]
[White "Savchenko, Boris"]
[Black "Najer, Evgeniy"]
[Result "0-1"]
[WhiteTitle "GM"]
[BlackTitle "GM"]
[WhiteElo "2608"]
[BlackElo "2646"]
[WhiteFideId "4147332"]
[BlackFideId "4118987"]
[EventDate "2014.09.06"]

1. e4 c5 2. Nf3 Nf6 3. e5 Nd5 4. Nc3 e6 5. Nxd5 exd5 6. d4 Nc6 7. dxc5 Bxc5 8.
Qxd5 Qb6 9. Bc4 Bxf2+ 10. Ke2 O-O 11. Rf1 Bc5 12. Qe4 d5 13. exd6 g6 14. Ng5
Nd4+ 15. Kd2 Qb4+ 16. Kd3 Bf5 17. Rxf5 Nxf5 18. Bf4 Rad8 19. c3 Qxb2 20. Nxf7
Rxf7 21. Bxf7+ Kxf7 22. Qd5+ Kg7 23. Be5+ Kh6 24. Bf4+ Kg7 25. Be5+ Kf8 26. Rf1
Qb5+ 27. c4 Qc6 28. Rxf5+ gxf5 29. Bg7+ Kxg7 30. Qe5+ Kg6 31. Qe6+ Kg7 32. Qe7+
Kg6 33. Qe6+ Kg7 34. Qe7+ Kg6 35. Qe6+ Kg5 36. Qe7+ Kf4 37. g3+ Kg4 38. Qh4+ Kf3
39. Qh5+ Kg2 40. Qe2+ Bf2 0-1

[Event "Moscow Blitz Final 2014"]
[Site "Moscow RUS"]
[Date "2014.09.06"]
[Round "7.1"]
[White "Najer, Evgeniy"]
[Black "Moskalenko, Alexander"]
[Result "1-0"]
[WhiteTitle "GM"]
[BlackTitle "IM"]
[WhiteElo "2646"]
[BlackElo "2460"]
[WhiteFideId "4118987"]
[BlackFideId "4155351"]
[EventDate "2014.09.06"]

1. e4 e5 2. Nf3 Nc6 3. Bb5 Nf6 4. d3 d6 5. O-O Bd7 6. Re1 g6 7. d4 Bg7 8. d5 Ne7
9. Bxd7+ Nxd7 10. c4 h6 11. Nc3 O-O 12. b4 f5 13. Ba3 a5 14. bxa5 Rxa5 15. Bb4
Ra8 16. a4 Nf6 17. Nd2 c5 18. dxc6 bxc6 19. Qc2 Qd7 20. Red1 c5 21. Ba3 Nc6 22.
Qd3 Nd4 23. Bb2 h5 24. Nb5 Bh6 25. Bxd4 cxd4 26. exf5 gxf5 27. Nf1 Ne4 28. Qh3
Nc5 29. Qxh5 Bg7 30. Qg6 Rf6 31. Qg3 Rxa4 32. Rxa4 Nxa4 33. Qa3 Nc5 34. Ng3 f4
35. Ne4 Nxe4 36. Qa8+ Bf8 37. Qxe4 f3 38. gxf3 Qf7 39. Kh1 Rf4 40. Rg1+ Kh8 41.
Qc6 Rxf3 42. Nxd6 Qf6 43. Qd5 Rxf2 44. Qg8# 1-0

[Event "Moscow Blitz Final 2014"]
[Site "Moscow RUS"]
[Date "2014.09.06"]
[Round "7.2"]
[White "Karjakin, Sergey"]
[Black "Savchenko, Boris"]
[Result "1-0"]
[WhiteTitle "GM"]
[BlackTitle "GM"]
[WhiteElo "2777"]
[BlackElo "2608"]
[WhiteFideId "14109603"]
[BlackFideId "4147332"]
[EventDate "2014.09.06"]

1. e4 e6 2. d4 d5 3. Nc3 Bb4 4. e5 c5 5. a3 Bxc3+ 6. bxc3 Ne7 7. Qg4 O-O 8. Bd3
Nd7 9. Qh4 Nf5 10. Qxd8 Rxd8 11. Nf3 Ne7 12. Bg5 Re8 13. a4 Nc6 14. Bd2 b6 15.
h4 Bb7 16. h5 h6 17. g4 f6 18. exf6 Nxf6 19. g5 hxg5 20. Nxg5 cxd4 21. O-O-O
dxc3 22. Bxc3 d4 23. Bd2 Ne5 24. Rh4 Nxd3+ 25. cxd3 Rac8+ 26. Kb2 e5 27. Rg1 Ba6
28. Rg3 Rc7 29. h6 Rec8 30. Bb4 Nd5 31. Be1 Nf4 32. Kb3 Nxd3 33. Bd2 Bc4+ 34.
Ka3 Nc5 35. Nf3 Re8 36. Rg5 Be2 37. Nxe5 Bd3 38. Bb4 Bh7 39. hxg7 Ne6 40. Rgh5
Rxg7 41. Ng4 Ng5 42. Nf6+ Kf7 43. Nxe8 Kxe8 44. Bd2 Nf3 45. Rxh7 Rxh7 46. Rxh7
Nxd2 47. Rxa7 d3 48. Kb2 Ne4 49. f3 Ng5 50. Kc3 Nxf3 51. Kxd3 Ne5+ 52. Ke4 Nc4
53. Kd5 Ne3+ 54. Kc6 Nc4 55. Ra8+ Ke7 56. Kb5 Ne3 57. Kxb6 Kd7 1-0

[Event "Moscow Blitz Final 2014"]
[Site "Moscow RUS"]
[Date "2014.09.06"]
[Round "7.3"]
[White "Dvalishvili, Pavel S."]
[Black "Seliverstov, Vladimir"]
[Result "0-1"]
[WhiteTitle "IM"]
[BlackTitle "FM"]
[WhiteElo "2439"]
[BlackElo "2432"]
[WhiteFideId "4121996"]
[BlackFideId "4192036"]
[EventDate "2014.09.06"]

1. e4 g6 2. Nc3 Bg7 3. h4 h6 4. d3 d6 5. h5 g5 6. f4 gxf4 7. Bxf4 Nf6 8. Qd2 c5
9. Nf3 Bg4 10. e5 Nxh5 11. exd6 Bxf3 12. gxf3 Nxf4 13. Qxf4 Qxd6 14. Qg4 Bxc3+
15. bxc3 Nc6 16. f4 e6 17. f5 Qe5+ 18. Kd2 exf5 19. Qf3 O-O-O 20. Rh5 Rde8 21.
Rxf5 Qh2+ 22. Bg2 Rhg8 0-1

[Event "Moscow Blitz Final 2014"]
[Site "Moscow RUS"]
[Date "2014.09.06"]
[Round "7.4"]
[White "Kretov, Evgenij"]
[Black "Fedoseev, Vladimir3"]
[Result "1-0"]
[WhiteTitle "FM"]
[BlackTitle "GM"]
[WhiteElo "2263"]
[BlackElo "2677"]
[WhiteFideId "4167821"]
[BlackFideId "24130737"]
[EventDate "2014.09.06"]

1. d4 d5 2. c4 c6 3. Nc3 Nf6 4. e3 e6 5. Nf3 Nbd7 6. Bd3 dxc4 7. Bxc4 b5 8. Be2
Bb7 9. O-O Bd6 10. e4 e5 11. Bg5 h6 12. Bh4 Qc7 13. Rc1 a6 14. Nd5 Nxd5 15. exd5
Qb6 16. dxc6 Bxc6 17. dxe5 Bc5 18. Qc2 g5 19. e6 fxe6 20. Qg6+ Kd8 21. Bg3 Bd5
22. Rfd1 Rf8 23. b4 Be7 24. Rxd5 exd5 25. Qxb6+ Nxb6 26. Bc7+ Kd7 27. Ne5+ Ke8
28. Bh5+ 1-0